Movie by Opening Line Quiz Stats

 Plays Quiz Updated Oct 4, 2018

Score 0/18 Timer 05:00
1 Play Today
Quote Movie % Correct
People are always asking me if I know Tyler Durden.Fight Club
70%
I owe everything to George Bailey. Help him, Dear Father.It's A Wonderful Life
59.3%
My name is Lester Burnham. This is my neighborhood; this is my street; this is my life. I am 42 years old; in less than a year I will be dead.American Beauty
50.5%
I am Gunnery Sergeant Hartman, your senior drill instructor. From now on, you will speak only when spoken to, and the first and last words out of your filthy sewers will be 'Sir!'Full Metal Jacket
45.1%
I was 12 going on 13 the first time I saw a dead human being.Stand By Me
43.9%
We were somewhere around Barstow, on the edge of the desert, when the drugs began to take hold.Fear and Loathing in Las Vegas
35.2%
I believe in America. America has made my fortune.The Godfather
32.9%
The world is changed. I feel it in the water. I feel it in the earth. I smell it in the air.The Lord of the Rings: The Fellowship of the Ring
23.4%
Choose Life. Choose a job. Choose a career. Choose a family. Choose a f***ing big television, choose washing machines, cars, compact disc players and electrical tin openers.Trainspotting
21.1%
Quote Movie % Correct
What can you say about a 25-year-old girl who died? That she was beautiful and brilliant? That she loved Mozart and Bach, the Beatles, and me?Love Story
20.4%
Let me tell you what 'Like a Virgin' is about.Reservoir Dogs
19.6%
I don't want to be a product of my environment. I want my environment to be a product of me. Years ago we had the church. That was only a way of saying - we had each other.The Departed
16.9%
There's an old joke. Uh, two elderly women are at a Catskills mountain resort, and one of 'em says, 'Boy, the food at this place is really terrible.' Annie Hall
13.2%
Say, any of you boys smithies? Or, if not smithies per se, were you otherwise trained in the metallurgic arts...O Brother, Where Art Thou?
11%
When I stepped out into the bright sunlight from the darkness of the movie house. I had only two things on my mind; Paul Newman and a ride home.The Outsiders
10.2%
What came first, the music or the misery?High Fidelity
7.6%
Wake up! Wake up, wake up, wake up, up you wake, up you wake, up you wake, up you wake! This is Mr. Senor Love Daddy, your voice of choice...Do the Right Thing
5.7%
Between the time when the oceans drank Atlantis, and the rise of the sons of Aryas, there was an age undreamed of.Conan The Barbarian
3.8%

You're not logged in!

Compare scores with friends on all Sporcle quizzes.
OR
Log In

Sporcle TV

Today on Sporcle TV


Watch our educational content, quiz creation guides, and fun videos on Sporcle TV.

Show Comments

Extras

Top Quizzes Today


Score Distribution

Your Account Isn't Verified!

In order to create a playlist on Sporcle, you need to verify the email address you used during registration. Go to your Sporcle Settings to finish the process.

Report this User

Report this user for behavior that violates our Community Guidelines.

Details: